[Event "World Junior Girls 2015"]
[Site "Khanty-Mansiysk RUS"]
[Date "2015.09.05"]
[Round "4.14"]
[White "Derakhshani, Dorsa"]
[Black "Leonardi, Caterina"]
[Result "1-0"]
[WhiteTitle "WIM"]
[WhiteElo "2244"]
[BlackElo "2080"]
[WhiteFideId "12500330"]
[BlackFideId "14601036"]
[EventDate "2015.09.02"]

1. e4 e6 2. d4 d5 3. Nc3 Bb4 4. e5 c5 5. a3 Bxc3+ 6. bxc3 Ne7 7. Qg4 Qc7 8. Bd3
cxd4 9. Ne2 Nbc6 10. cxd4 h5 11. Qh4 Nf5 12. Bxf5 exf5 13. O-O Be6 14. Ng3 Ne7
15. Nxh5 O-O-O 16. Qg5 g6 17. Nf4 Nc6 18. Be3 Na5 19. Rfb1 Nc4 20. a4 Nxe3 21.
fxe3 Qc3 22. Nd3 Bd7 23. Qe7 Bc6 24. Qc5 Qxc5 25. Nxc5 Rh5 26. h3 Rdh8 27. Kf2
g5 28. Nd3 f6 29. exf6 Rf8 30. Kg3 Rxf6 31. Rf1 Rh8 32. Ne5 Rhf8 33. Ra3 Kc7 34.
Rc3 f4+ 35. exf4 Rxf4 36. Rxf4 Rxf4 37. Nf3 a5 38. h4 Kd6 39. hxg5 Re4 40. Ne5
Rxd4 41. g6 Rd2 42. g7 d4 43. Rxc6+ bxc6 44. g8=Q 1-0

[Event "World Junior Girls 2015"]
[Site "Khanty-Mansiysk RUS"]
[Date "2015.09.05"]
[Round "4.15"]
[White "Kusenkova, Natallia"]
[Black "Assaubayeva, Bibissara"]
[Result "0-1"]
[BlackTitle "WFM"]
[WhiteElo "2155"]
[BlackElo "2241"]
[WhiteFideId "13506501"]
[BlackFideId "13708694"]
[EventDate "2015.09.02"]

1. Nf3 Nf6 2. d4 g6 3. c4 Bg7 4. Nc3 O-O 5. Bg5 c5 6. d5 d6 7. e4 e6 8. Bd3 exd5
9. cxd5 h6 10. Bh4 g5 11. Bg3 Nh5 12. Nd2 Nxg3 13. hxg3 Nd7 14. Nc4 Qe7 15. Nb5
Nf6 16. Qe2 Ne8 17. a4 Bd7 18. O-O a6 19. Nc3 Nc7 20. Nb6 Rae8 21. Rfe1 Na8 22.
Nxd7 Qxd7 23. Qh5 Nc7 24. Re2 b5 25. axb5 axb5 26. Nd1 c4 27. Bc2 f5 28. Ne3 Qf7
29. Qxf7+ Rxf7 30. exf5 Nxd5 31. Ra5 Bxb2 32. Bd1 Nxe3 33. fxe3 Bc1 34. Rxb5
Rxe3 35. Rxe3 Bxe3+ 36. Kf1 Kg7 37. Bc2 Kf6 38. Ra5 Bc5 39. Ra4 d5 40. Ra6+ Ke5
41. Rxh6 Kd4 42. Rc6 Bb4 43. g4 Kc3 44. Ba4 Ra7 45. Bb5 Ra5 46. Ba6 Rc5 47. Re6
d4 48. Bb7 d3 49. f6 d2 50. Bf3 Kc2 51. f7 Rd5 52. Rb6 d1=Q+ 53. Bxd1+ Rxd1+ 54.
Ke2 Rd2+ 55. Kf3 Bc5 56. Rc6 Rf2+ 57. Kg3 Be3 58. Rxc4+ Kd3 59. Rc7 Rf6 60. Rd7+
Ke2 61. Re7 Kd2 62. Rd7+ Ke1 63. Re7 Ke2 64. Kh3 Kf2 65. f8=Q Rxf8 66. Rh7 Bd4
67. Rh5 Rh8 68. Kh2 Be5+ 69. Kh3 Ke3 70. g3 Kf3 0-1

[Event "World Junior Girls 2015"]
[Site "Khanty-Mansiysk RUS"]
[Date "2015.09.05"]
[Round "4.16"]
[White "Monnisha, G K"]
[Black "Paredes Bustamante, Paula"]
[Result "0-1"]
[WhiteTitle "WFM"]
[BlackTitle "WFM"]
[WhiteElo "2004"]
[BlackElo "2156"]
[WhiteFideId "5009936"]
[BlackFideId "3804992"]
[EventDate "2015.09.02"]

1. e4 c5 2. Nf3 d6 3. d4 cxd4 4. Nxd4 Nf6 5. Nc3 a6 6. Be3 e5 7. Nb3 Be7 8. f3
Be6 9. Qd2 Nbd7 10. O-O-O O-O 11. g4 b5 12. g5 b4 13. gxf6 bxc3 14. Qxc3 Nxf6
15. Na5 Rc8 16. Nc6 Qe8 17. Nxe7+ Qxe7 18. Qa5 Rc6 19. Rg1 Rfc8 20. c3 Nh5 21.
Kb1 Qf6 22. Be2 Nf4 23. Bf1 h6 24. Qb4 Ng6 25. Be2 Bc4 26. Bxc4 Rxc4 27. Qxd6
Qxf3 28. Bc1 Qxe4+ 29. Ka1 Qc6 30. Qa3 Rc5 31. Rdf1 Qe6 32. Rf2 Rd5 33. Rgf1 Rd7
34. Qa4 Rcd8 35. h4 h5 36. a3 e4 37. Re1 f5 38. Bg5 Rf8 39. Rfe2 Ne5 40. Be3 Nf3
41. Rf1 Rfd8 42. Bf4 Nd2 43. Rg1 Nb3+ 44. Kb1 Nc5 45. Qc2 Nd3 46. Be3 Rb8 47. b4
Rc8 48. Reg2 f4 49. Rg6 Qc4 50. Bd2 e3 51. Bc1 Nxc1 52. Kxc1 f3 0-1

[Event "World Junior Girls 2015"]
[Site "Khanty-Mansiysk RUS"]
[Date "2015.09.05"]
[Round "4.17"]
[White "Vasova, Maria"]
[Black "Amrayeva, Aytan"]
[Result "1-0"]
[BlackTitle "WCM"]
[WhiteElo "2069"]
[BlackElo "2145"]
[WhiteFideId "2900955"]
[BlackFideId "13405101"]
[EventDate "2015.09.02"]

1. e4 c5 2. Nf3 Nc6 3. d4 cxd4 4. Nxd4 Nf6 5. Nc3 e5 6. Ndb5 d6 7. Bg5 Be7 8.
Bxf6 gxf6 9. Nd5 O-O 10. Nxe7+ Qxe7 11. Qxd6 Qxd6 12. Nxd6 Nb4 13. O-O-O Nxa2+
14. Kb1 Nb4 15. c3 Nc6 16. Bc4 Rb8 17. Nxc8 Rbxc8 18. Rd6 Kg7 19. Rhd1 Rc7 20.
Rd7 Rfc8 21. Bxf7 Nd4 22. Be6+ Rxd7 23. Bxd7 Rd8 24. Bf5 Nc6 25. Rxd8 Nxd8 26.
Kc2 h6 27. Kd3 Kf7 28. Kc4 Ke7 29. Kd5 Nf7 30. c4 Nd6 31. Bg6 Nc8 32. c5 a6 33.
c6 bxc6+ 34. Kxc6 Nd6 35. b3 Nb5 36. b4 Nd4+ 37. Kb6 Nc2 38. Ka5 Kd6 39. Bh5 Kc7
40. Be2 Nd4 41. Bxa6 Nc6+ 42. Kb5 Nb8 43. Ka5 Nc6+ 44. Ka4 Kb6 45. Bd3 Nd4 46.
f3 Ne6 47. Kb3 Nd4+ 48. Kc3 Kc6 49. Bc4 Kb6 50. f4 Kc6 51. h4 Kd6 52. h5 Kc6 53.
fxe5 fxe5 54. Bf7 Nb5+ 55. Kb3 Nd6 56. Bg6 Nc8 57. g4 Ne7 58. Bf7 Nc8 59. g5 Nd6
60. Bd5+ 1-0

[Event "World Junior Girls 2015"]
[Site "Khanty-Mansiysk RUS"]
[Date "2015.09.05"]
[Round "4.18"]
[White "Saranya, J"]
[Black "Bengtsson, Jessica"]
[Result "1-0"]
[WhiteTitle "WFM"]
[WhiteElo "2144"]
[BlackElo "2056"]
[WhiteFideId "5031931"]
[BlackFideId "1711083"]
[EventDate "2015.09.02"]

1. e4 c5 2. b3 d6 3. Bb2 e5 4. Bb5+ Nc6 5. Ne2 Nf6 6. Nbc3 Be7 7. O-O O-O 8.
Bxc6 bxc6 9. f4 c4 10. Kh1 Rb8 11. Rb1 cxb3 12. axb3 Qb6 13. Qe1 Ng4 14. h3 Nh6
15. fxe5 dxe5 16. d4 exd4 17. Nxd4 c5 18. Nd5 Qd6 19. Nxe7+ Qxe7 20. Nc6 Qd6 21.
Nxb8 Qxb8 22. Qh4 f5 23. Bxg7 Kxg7 24. Qg5+ Kh8 25. Qxh6 Bd7 26. Rbd1 Rf7 27.
exf5 Qg8 28. Qd6 1-0

[Event "World Junior Girls 2015"]
[Site "Khanty-Mansiysk RUS"]
[Date "2015.09.05"]
[Round "4.20"]
[White "Voskresenskaya, Marta"]
[Black "Lingur, Zalina"]
[Result "0-1"]
[BlackTitle "WFM"]
[WhiteElo "1703"]
[BlackElo "2128"]
[WhiteFideId "34127795"]
[BlackFideId "34165670"]
[EventDate "2015.09.02"]

1. d4 Nf6 2. c4 e6 3. Nf3 c5 4. d5 exd5 5. cxd5 d6 6. Bf4 Qb6 7. Qd2 Be7 8. Nc3
O-O 9. e3 Na6 10. Be2 Re8 11. h3 Bf5 12. O-O Ne4 13. Nxe4 Bxe4 14. Ng5 Bg6 15.
a3 Bf6 16. Bd3 h6 17. Nf3 Qxb2 18. Rad1 Qxd2 19. Rxd2 Bxd3 20. Rxd3 Red8 21. Rb3
Rab8 22. Rfb1 b6 23. Nd2 Kf8 24. Nc4 Be7 25. e4 f6 26. Bg3 Rbc8 27. Rf3 Ke8 28.
h4 Kd7 29. h5 Nc7 30. a4 Rf8 31. Ne3 Rb8 32. Nf5 a6 33. Nxg7 b5 34. axb5 axb5
35. Bf4 b4 36. Bxh6 c4 37. Nf5 Rfc8 38. Bg7 Ne8 39. h6 c3 40. Nd4 Nxg7 41. hxg7
f5 42. Nc6 Rb6 43. g8=Q Rxg8 44. Rxb4 Rxb4 45. Nxb4 Bf6 46. Re3 Rb8 47. Nc2 Rb2
48. Re2 fxe4 49. g3 Rb5 50. Ne3 Bg5 51. Rc2 Bxe3 52. Rxc3 Bg5 53. Rc4 Rb1+ 54.
Kg2 e3 55. fxe3 Bxe3 56. Rc3 Bc5 57. Rd3 Rb4 58. Kf3 Rd4 59. Rxd4 Bxd4 60. Ke4
Be5 61. g4 Kc7 62. Kf5 Kb6 63. g5 Kc5 64. Ke6 Bc3 65. g6 Be5 66. Kf7 Kxd5 67. g7
Bxg7 68. Kxg7 Ke4 69. Kg6 d5 0-1

[Event "World Junior Girls 2015"]
[Site "Khanty-Mansiysk RUS"]
[Date "2015.09.05"]
[Round "4.22"]
[White "Thomas, Anysia"]
[Black "Sazonova, Anastasia"]
[Result "0-1"]
[BlackTitle "WFM"]
[WhiteElo "2035"]
[BlackElo "2020"]
[WhiteFideId "670472"]
[BlackFideId "24131008"]
[EventDate "2015.09.02"]

1. d4 f5 2. Bg5 c6 3. e3 Qb6 4. b3 g6 5. h4 h6 6. Bf4 d6 7. Nd2 Bg7 8. c3 Nf6 9.
Bd3 Nd5 10. Ne2 e5 11. Nc4 Qc7 12. Bg3 O-O 13. Qd2 Be6 14. Rc1 Nd7 15. e4 f4 16.
exd5 cxd5 17. Nb2 fxg3 18. Nxg3 e4 19. Bb1 h5 20. Qg5 Kh7 21. Nxh5 gxh5 22.
Qxh5+ Kg8 23. Qg5 Rf5 24. Qg6 Rf6 25. Qg3 Kh8 26. h5 Bh6 27. Rc2 Rg8 28. Qh2 Bf5
29. Nd1 e3 30. fxe3 Bxc2 31. Bxc2 Nf8 32. Bg6 Ne6 33. Qh4 Ng5 34. Kd2 Rgf8 35.
Bd3 Qe7 36. Qg3 Ne4+ 37. Bxe4 Qxe4 38. Kc1 Rg8 39. Qh4 Qxh4 40. Rxh4 Rxg2 0-1

[Event "World Junior Girls 2015"]
[Site "Khanty-Mansiysk RUS"]
[Date "2015.09.05"]
[Round "4.23"]
[White "Osmanodja, Filiz"]
[Black "Barbier, Astrid"]
[Result "1-0"]
[WhiteTitle "WIM"]
[WhiteElo "2309"]
[BlackElo "1835"]
[WhiteFideId "24633569"]
[BlackFideId "200395"]
[EventDate "2015.09.02"]

1. e4 e5 2. Nf3 Nc6 3. Bb5 Bc5 4. O-O Nd4 5. Nxd4 Bxd4 6. c3 Bb6 7. d4 c6 8. Ba4
d6 9. Na3 Nf6 10. Bc2 Qe7 11. Nc4 Bc7 12. Bg5 h6 13. Bxf6 Qxf6 14. d5 O-O 15.
Qd3 Qg6 16. Ne3 Bd7 17. a4 a6 18. a5 c5 19. Ba4 Bc8 20. Bc2 Qg5 21. f4 exf4 22.
Nc4 g6 23. Rf2 Bd7 24. Qf3 Bb5 25. Nd2 Kg7 26. Qh3 Qd8 27. c4 Bd7 28. Qc3+ Kh7
29. Rxf4 Be8 30. Nf3 Qe7 31. Rf1 Rb8 32. h4 b5 33. axb6 Rxb6 34. h5 Bd8 35.
hxg6+ Kg8 36. g7 1-0

[Event "World Junior Girls 2015"]
[Site "Khanty-Mansiysk RUS"]
[Date "2015.09.05"]
[Round "4.24"]
[White "Musaeva, Shakhnazi"]
[Black "Drogovoz, Maria"]
[Result "1/2-1/2"]
[BlackTitle "WFM"]
[WhiteElo "1586"]
[BlackElo "1924"]
[WhiteFideId "13801643"]
[BlackFideId "4176731"]
[EventDate "2015.09.02"]

1. e4 c5 2. Nf3 d6 3. d4 cxd4 4. Nxd4 Nf6 5. Nc3 a6 6. Be3 e6 7. Be2 Be7 8. f4
Qc7 9. O-O O-O 10. a4 Nc6 11. Nb3 Na5 12. Nxa5 Qxa5 13. Bf3 Bd7 14. Qd3 Rac8 15.
Kh1 Rfd8 16. Ne2 d5 17. e5 Ne4 18. c3 Nc5 19. Bxc5 Qxc5 20. Nd4 b5 21. axb5 Bxb5
22. Nxb5 axb5 23. Ra5 Qc4 24. Be2 d4 25. cxd4 Qxd3 26. Bxd3 Rxd4 27. Bxb5 Rd5
28. Ba6 Rxa5 29. Bxc8 Rb5 1/2-1/2

[Event "World Junior Girls 2015"]
[Site "Khanty-Mansiysk RUS"]
[Date "2015.09.06"]
[Round "5.1"]
[White "Drogovoz, Irina"]
[Black "Abdumalik, Zhansaya"]
[Result "0-1"]
[BlackTitle "WGM"]
[WhiteElo "2253"]
[BlackElo "2380"]
[WhiteFideId "4176715"]
[BlackFideId "13703544"]
[EventDate "2015.09.02"]

1. d4 Nf6 2. c4 g6 3. Nc3 d5 4. cxd5 Nxd5 5. Bd2 Bg7 6. e4 Nxc3 7. Bxc3 O-O 8.
Be2 c5 9. d5 e6 10. Nf3 exd5 11. exd5 Qd6 12. Qd2 Rd8 13. Rd1 Nd7 14. O-O Nb6
15. Bxg7 Kxg7 16. Qc3+ Qf6 17. Qxc5 Qxb2 18. Rd2 Qf6 19. Bd1 Bf5 20. Bb3 Be4 21.
Re1 Bxf3 0-1

[Event "World Junior Girls 2015"]
[Site "Khanty-Mansiysk RUS"]
[Date "2015.09.06"]
[Round "5.2"]
[White "Buksa, Nataliya"]
[Black "Bivol, Alina"]
[Result "1-0"]
[WhiteTitle "WFM"]
[BlackTitle "WIM"]
[WhiteElo "2199"]
[BlackElo "2321"]
[WhiteFideId "14123622"]
[BlackFideId "4100123"]
[EventDate "2015.09.02"]

1. e4 c5 2. Nf3 d6 3. d4 cxd4 4. Nxd4 Nf6 5. Nc3 a6 6. Be3 e6 7. f3 Be7 8. Qd2
O-O 9. O-O-O b5 10. g4 Bb7 11. g5 Nfd7 12. h4 Nc6 13. Nxc6 Bxc6 14. Ne2 Ne5 15.
Nd4 Bd7 16. h5 Rc8 17. Kb1 Qc7 18. Rg1 Nc4 19. Bxc4 Qxc4 20. f4 e5 21. Nf5 Rfe8
22. Nxe7+ Rxe7 23. Qxd6 Qxc2+ 24. Ka1 Rce8 25. f5 Bc8 26. Qxe7 1-0

[Event "World Junior Girls 2015"]
[Site "Khanty-Mansiysk RUS"]
[Date "2015.09.06"]
[Round "5.3"]
[White "Nguyen, Thi Thuy Trien"]
[Black "Ziaziulkina, Nastassia"]
[Result "1/2-1/2"]
[WhiteTitle "WFM"]
[BlackTitle "IM"]
[WhiteElo "1939"]
[BlackElo "2401"]
[WhiteFideId "12404179"]
[BlackFideId "13505211"]
[EventDate "2015.09.02"]

1. e4 c5 2. Nf3 d6 3. d4 cxd4 4. Nxd4 Nf6 5. Nc3 a6 6. Be2 e6 7. O-O Be7 8. f4
O-O 9. Kh1 Nc6 10. Be3 Qc7 11. Qe1 Nxd4 12. Bxd4 b5 13. a3 Nd7 14. Qg3 Bf6 15.
Bxf6 Nxf6 16. Bd3 Bb7 17. Rae1 d5 18. e5 Ne4 19. Bxe4 dxe4 20. Qf2 Rac8 21. Nxe4
Bxe4 22. Rxe4 Qxc2 23. Re2 Qc4 24. Rd2 Rfd8 25. Rfd1 Rxd2 26. Qxd2 h6 27. h3 Qe4 1/2-1/2

[Event "World Junior Girls 2015"]
[Site "Khanty-Mansiysk RUS"]
[Date "2015.09.06"]
[Round "5.4"]
[White "Mammadzada, Gunay"]
[Black "Michelle Catherina, P"]
[Result "1/2-1/2"]
[WhiteTitle "WGM"]
[BlackTitle "WIM"]
[WhiteElo "2355"]
[BlackElo "2259"]
[WhiteFideId "13403729"]
[BlackFideId "5005736"]
[EventDate "2015.09.02"]

1. e4 e5 2. Nf3 Nc6 3. Bb5 g6 4. c3 a6 5. Ba4 Nge7 6. d4 exd4 7. cxd4 b5 8. Bb3
Bg7 9. d5 Na5 10. Bd2 Nxb3 11. Qxb3 d6 12. Bc3 O-O 13. O-O Bb7 14. Bxg7 Kxg7 15.
Nc3 Rb8 16. Rad1 Ng8 17. a3 Nf6 18. Nd4 Re8 19. Rfe1 h5 20. f4 Ng4 21. h3 Nh6
22. e5 Qh4 23. Re4 Nf5 24. Nf3 Qd8 25. Nd4 Nxd4 26. Rdxd4 dxe5 27. fxe5 Qg5 28.
h4 Qf5 29. Qb4 Rxe5 30. Rxe5 Qxe5 31. Re4 Qf6 32. Re7 Rd8 33. Ne4 Qb6+ 34. Kh2
Rxd5 35. Ng5 Rf5 36. Ne6+ Kf6 37. Nxc7 Qc5 38. Rd7 Qe5+ 39. Kg1 Qe3+ 40. Kh2
Qe5+ 41. Kg1 Rf1+ 42. Kxf1 Qf5+ 43. Kg1 Qxd7 44. Qc5 Kg7 45. b3 Kg8 46. Qe5 Qc6
47. Kf2 Qc2+ 48. Ke3 Qxb3+ 49. Kf4 Qc4+ 50. Kg5 Qc1+ 51. Kf6 Qc6+ 52. Ke7 Qe4
53. Qxe4 Bxe4 54. Nxa6 Bxg2 55. Kf6 Kf8 56. Nc5 Bc6 57. Nd3 Bd5 58. Nc5 Ke8 59.
Nd3 Bc4 60. Ne5 Bd5 61. Nd3 Be6 62. Ne5 Bc4 63. a4 Bf1 1/2-1/2

[Event "World Junior Girls 2015"]
[Site "Khanty-Mansiysk RUS"]
[Date "2015.09.06"]
[Round "5.5"]
[White "Khomeriki, Nino"]
[Black "Terbe, Julianna"]
[Result "0-1"]
[WhiteTitle "WFM"]
[BlackTitle "WFM"]
[WhiteElo "2296"]
[BlackElo "2233"]
[WhiteFideId "13603191"]
[BlackFideId "708780"]
[EventDate "2015.09.02"]

1. Nf3 d5 2. g3 Nf6 3. Bg2 c6 4. O-O Bf5 5. d3 e6 6. b3 h6 7. Bb2 Be7 8. Nbd2 a5
9. a3 O-O 10. Qe1 Nbd7 11. e4 Bh7 12. Qe2 Qb6 13. Rab1 Qa6 14. e5 Ne8 15. Rbe1
b5 16. Kh1 Rb8 17. Nh4 Bxh4 18. gxh4 c5 19. Qg4 c4 20. dxc4 bxc4 21. Bxd5 exd5
22. Qxd7 Bxc2 23. Rg1 Qb7 24. Qxb7 Rxb7 25. Bc3 cxb3 26. Bxa5 Nc7 27. Bb4 Ra8
28. Rg3 Na6 29. Nxb3 Nxb4 30. Nc5 Rb5 31. axb4 Rxb4 32. e6 fxe6 33. Rxe6 Rc4 34.
Ra6 Rxa6 35. Nxa6 d4 36. Rg4 Bf5 37. Rg1 0-1

[Event "World Junior Girls 2015"]
[Site "Khanty-Mansiysk RUS"]
[Date "2015.09.06"]
[Round "5.6"]
[White "Aulia, Medina Warda"]
[Black "Navrotescu, Andreea-Cristiana"]
[Result "0-1"]
[WhiteTitle "WGM"]
[BlackTitle "WFM"]
[WhiteElo "2417"]
[BlackElo "2263"]
[WhiteFideId "7101570"]
[BlackFideId "675946"]
[EventDate "2015.09.02"]

1. e4 c5 2. Nf3 d6 3. d4 cxd4 4. Nxd4 Nf6 5. Nc3 g6 6. Be3 Bg7 7. f3 Nc6 8. Qd2
O-O 9. g4 Nxd4 10. Bxd4 Be6 11. h4 Qa5 12. h5 Rfc8 13. a3 Bc4 14. hxg6 hxg6 15.
g5 Nh5 16. Bxg7 Kxg7 17. Bh3 Rh8 18. Bg4 Nf4 19. O-O-O Qe5 20. Kb1 b5 21. Rhg1
a5 22. Nd5 Bxd5 23. exd5 Qxg5 24. Bd7 Qf6 25. Bxb5 Rh5 26. c4 Rah8 27. Rge1 Rh2
28. Qd4 Rg2 29. Qxf6+ Kxf6 30. Re3 Rhh2 31. Rb3 g5 32. Bd7 Ng6 33. Bc8 Ne5 34.
Ba6 Rf2 35. Rb6 Nd7 36. Rb5 Nc5 37. Bc8 Na4 38. Re1 Nxb2 39. Rb3 Nxc4 40. Rc3
Rb2+ 41. Kc1 Ra2 42. Rb3 Nxa3 0-1

[Event "World Junior Girls 2015"]
[Site "Khanty-Mansiysk RUS"]
[Date "2015.09.06"]
[Round "5.7"]
[White "Assaubayeva, Bibissara"]
[Black "Saduakassova, Dinara"]
[Result "0-1"]
[WhiteTitle "WFM"]
[BlackTitle "WGM"]
[WhiteElo "2241"]
[BlackElo "2409"]
[WhiteFideId "13708694"]
[BlackFideId "13700090"]
[EventDate "2015.09.02"]

1. e4 c5 2. Nf3 e6 3. d4 cxd4 4. Nxd4 Nf6 5. Nc3 d6 6. g4 h6 7. Rg1 Nc6 8. Be3
Be7 9. h4 h5 10. gxh5 Nxh5 11. Be2 g6 12. Qd2 Nxd4 13. Bxd4 e5 14. Be3 Be6 15.
O-O-O Nf6 16. Bg5 a6 17. f4 Qa5 18. a3 exf4 19. Qxf4 Qe5 20. Qf3 Rc8 21. Nd5
Nxd5 22. exd5 Qf5 23. Qb3 Bxg5+ 24. hxg5 Rh2 25. Bd3 Qxd5 26. Qxd5 Bxd5 27. Rd2
Rxd2 28. Kxd2 Kd7 29. a4 Rh8 30. Ke3 Rh4 31. b3 Ke6 32. c4 Bc6 33. a5 d5 34. Be2
Rh3+ 35. Kd4 Rxb3 36. Bg4+ Kd6 37. c5+ Kc7 38. Ke5 Rb4 39. Bf3 Rc4 40. Re1 Rxc5
41. Kf6 d4 42. Bg4 d3 43. Re7+ Kd6 44. Rxf7 Rc4 0-1

[Event "World Junior Girls 2015"]
[Site "Khanty-Mansiysk RUS"]
[Date "2015.09.06"]
[Round "5.8"]
[White "Rodriguez Rueda, Paula Andrea"]
[Black "Derakhshani, Dorsa"]
[Result "1/2-1/2"]
[WhiteTitle "IM"]
[BlackTitle "WIM"]
[WhiteElo "2358"]
[BlackElo "2244"]
[WhiteFideId "4404564"]
[BlackFideId "12500330"]
[EventDate "2015.09.02"]

1. d4 Nf6 2. c4 e6 3. Nf3 b6 4. g3 Bb7 5. Bg2 Be7 6. O-O O-O 7. Nc3 Ne4 8. Qc2
Nxc3 9. Qxc3 f5 10. Rd1 Bf6 11. b4 d6 12. Bb2 Qe7 13. Qb3 Nd7 14. Bc3 Be4 15.
Ne1 Bxg2 16. Nxg2 c5 17. e3 a5 18. a3 Ra7 19. Ra2 Rfa8 20. b5 Rc8 21. d5 e5 22.
e4 f4 23. f3 Qf7 24. Qc2 g5 25. g4 1/2-1/2

[Event "World Junior Girls 2015"]
[Site "Khanty-Mansiysk RUS"]
[Date "2015.09.06"]
[Round "5.9"]
[White "Pratyusha, Bodda"]
[Black "Makarenko, Alexandra"]
[Result "0-1"]
[WhiteTitle "WIM"]
[BlackTitle "WFM"]
[WhiteElo "2326"]
[BlackElo "2229"]
[WhiteFideId "5000629"]
[BlackFideId "4165055"]
[EventDate "2015.09.02"]

1. d4 Nf6 2. c4 g6 3. Nc3 Bg7 4. e4 d6 5. Be2 O-O 6. Bg5 Na6 7. f4 c6 8. Qd2 Nc7
9. Bf3 Ne6 10. Bh4 c5 11. dxc5 Nxc5 12. Rd1 Be6 13. b3 a5 14. Nge2 a4 15. b4
Ncd7 16. Qd3 Rc8 17. Nd5 Nb6 18. Rc1 Nbxd5 19. cxd5 Rxc1+ 20. Nxc1 Bd7 21. Bf2
Qc7 22. O-O Rc8 23. Bd4 Qc4 24. a3 Bb5 25. Qxc4 Rxc4 26. Rd1 Nxe4 27. Bxg7 Kxg7
28. Be2 Rxc1 29. Rxc1 Bxe2 30. Rc7 b5 31. Rxe7 Bd3 32. g3 Kf8 33. Rc7 Bc4 34.
Rc8+ Ke7 35. Rb8 h5 36. Rb6 Kf6 37. Rb7 Nc3 38. Rd7 Bxd5 39. Rxd6+ Ke7 40. Rb6
Kd7 41. f5 Kc7 42. Ra6 Bc6 43. fxg6 fxg6 44. Kf2 Kb7 0-1

[Event "World Junior Girls 2015"]
[Site "Khanty-Mansiysk RUS"]
[Date "2015.09.06"]
[Round "5.11"]
[White "Lingur, Zalina"]
[Black "Bayarmaa, Bayarjargal"]
[Result "0-1"]
[WhiteTitle "WFM"]
[BlackTitle "WFM"]
[WhiteElo "2128"]
[BlackElo "2265"]
[WhiteFideId "34165670"]
[BlackFideId "4900260"]
[EventDate "2015.09.02"]

1. e4 c5 2. Nf3 d6 3. d4 cxd4 4. Nxd4 Nf6 5. Nc3 a6 6. Bg5 Nbd7 7. f4 Qc7 8. Qf3
e6 9. O-O-O b5 10. e5 Bb7 11. Qh3 dxe5 12. Nxe6 fxe6 13. Qxe6+ Be7 14. Bxf6 gxf6
15. Bxb5 axb5 16. Nxb5 Qc6 17. Nd6+ Kd8 18. Nxb7+ Qxb7 19. Rxd7+ Qxd7 20. Rd1
Qxd1+ 21. Kxd1 exf4 22. a4 Rf8 23. c3 f5 24. Kc2 Rc8 25. Qd5+ Ke8 26. a5 Rc5 27.
Qa2 Kd7 28. Qa4+ Ke6 29. a6 Rc7 30. Qxf4 Bd6 31. Qh6+ Kd5 32. Qd2+ Kc6 33. Qd4
Rff7 34. b4 Rfd7 35. Kb3 Kb5 36. Qd3+ Kb6 37. Ka4 Bxh2 38. Qb5+ Ka7 39. Qe2 Rxc3
40. Qe6 Rcd3 41. Qxf5 Bg1 42. g4 Be3 43. Qf3 Bb6 44. Qc6 R3d6 45. Qh1 Rg7 46.
Kb5 Rdg6 47. Qf3 Rxg4 48. Qc6 R4g5+ 49. Ka4 h5 50. Qh1 Rf7 51. Qc1 Rg4 52. Qh6
h4 53. Kb5 Bf2 54. Qd2 h3 55. Qh6 Rh4 56. Qe6 Rfh7 57. Ka5 h2 58. b5 R4h6 59.
Qc8 h1=Q 0-1

[Event "World Junior Girls 2015"]
[Site "Khanty-Mansiysk RUS"]
[Date "2015.09.06"]
[Round "5.12"]
[White "Sviridova, Vlada"]
[Black "Utiatskaja, Irina"]
[Result "1/2-1/2"]
[WhiteTitle "WFM"]
[BlackTitle "WFM"]
[WhiteElo "2125"]
[BlackElo "2201"]
[WhiteFideId "24109606"]
[BlackFideId "24140848"]
[EventDate "2015.09.02"]

1. d4 Nf6 2. c4 g6 3. Nc3 Bg7 4. e4 d6 5. Be2 O-O 6. h4 c5 7. d5 b5 8. cxb5 a6
9. bxa6 Nxa6 10. h5 Qb6 11. h6 Bh8 12. Rb1 e6 13. Bg5 Nc7 14. Kf1 exd5 15. exd5
Re8 16. Rh4 Ba6 17. Qd2 Qb7 18. Rd1 Nb5 19. Be3 Nxc3 20. Qxc3 Nxd5 21. Qd2 Nxe3+
22. fxe3 Bxe2+ 23. Nxe2 Rxa2 24. Qxd6 Qxb2 25. Qd3 Ra3 26. Re4 Rf8 27. Qd5 Ra1
28. Rxa1 Qxa1+ 29. Kf2 Qf6+ 30. Rf4 Qe5 31. Qc4 Bf6 32. Ng3 Bg5 33. Rf3 Qb2+ 34.
Kg1 Qb4 35. Qd5 Bxh6 36. Ne4 Bg7 37. Nxc5 Qe1+ 38. Kh2 Qh4+ 39. Kg1 Qe1+ 40. Kh2
Qh4+ 41. Kg1 Qe7 42. Ne4 Be5 43. g4 h6 44. Kg2 Rc8 45. Rf2 Rb8 46. Rc2 Rd8 47.
Qc5 Qe6 48. Nf2 Bd6 49. Qd4 Bc7 50. Qc4 Qxc4 51. Rxc4 Bb6 52. Kf3 Rd6 53. Ne4
Rd3 54. Rc3 Rxc3 55. Nxc3 f6 56. Nd5 Bd8 57. Ke4 Kf7 58. Nf4 Bc7 59. Nd3 Ke6 60.
Nc5+ Ke7 61. Nd3 Bd6 62. Nb2 Ke6 63. Nd3 Bg3 64. Nc5+ Kd6 65. Nd3 Be5 66. Nb4 h5
67. gxh5 gxh5 68. Nd3 Bg3 69. Nc1 h4 70. Ne2 Bf2 71. Kf3 Be1 72. Nf4 Bg3 73. Nh5
Ke5 74. Nxg3 1/2-1/2

[Event "World Junior Girls 2015"]
[Site "Khanty-Mansiysk RUS"]
[Date "2015.09.06"]
[Round "5.13"]
[White "Paredes Bustamante, Paula"]
[Black "Vasova, Maria"]
[Result "1-0"]
[WhiteTitle "WFM"]
[WhiteElo "2156"]
[BlackElo "2069"]
[WhiteFideId "3804992"]
[BlackFideId "2900955"]
[EventDate "2015.09.02"]

1. e4 c6 2. d4 d5 3. exd5 cxd5 4. c4 Nf6 5. Nc3 e6 6. Nf3 Nc6 7. a3 Be7 8. c5
Ne4 9. Qc2 f5 10. Bb5 O-O 11. O-O Bf6 12. Rd1 Bd7 13. Bxc6 Bxc6 14. Bf4 g5 15.
Be5 g4 16. Bxf6 Rxf6 17. Ne5 Rh6 18. Nxe4 dxe4 19. Qd2 Rh5 20. Qf4 Qg5 21. Qxg5+
Rxg5 22. b4 Kg7 23. a4 Kf6 24. b5 Bd5 25. Rab1 Rg7 26. Kf1 h5 27. Rdc1 Rc8 28.
a5 h4 29. a6 bxa6 30. bxa6 Rgc7 31. Rb2 Kg5 32. Rcb1 Rc6 33. Nxc6 Rxc6 34. Ra1
Rc7 35. Rc1 Rc6 36. Ra1 Rc7 37. Rb8 f4 38. Ra4 f3 39. gxf3 gxf3 40. h3 Kf4 41.
Rf8+ Kg5 42. Ke1 Rg7 43. Rb4 Kh6 44. Rh8+ Kg5 45. Rbb8 Kf6 46. Rhf8+ Ke7 47. Rg8
Rf7 48. Rb7+ Kf6 49. Rxf7+ Kxf7 50. Rb8 Kg6 51. Rb7 1-0